[Event "Athens Chess Square Spring op"]
[Site "Athens"]
[Date "2019.06.29"]
[Round "7"]
[White "Tsimboukidis, Anastasios"]
[Black "Poulos, Georgios"]
[Result "1-0"]
[WhiteElo "1757"]
[BlackElo "1887"]
[PlyCount "71"]
[EventDate "2019.05.11"]
[EventType "swiss"]
[EventRounds "7"]
[EventCountry "GRE"]
[SourceTitle "EXT 2020"]
[Source "ChessBase"]
[SourceDate "2019.10.17"]
[SourceVersion "1"]
[SourceVersionDate "2019.10.17"]
[SourceQuality "1"]

1. d4 Nf6 2. Nf3 g6 3. e3 Bg7 4. Bd3 d5 5. 0-0 0-0 6. c3 c5 7. b4 b6 8. Nbd2 Nc6 9. bxc5 bxc5 10. Ba3 c4 11. Bc2 Qa5 12. Ba4 Rb8 13. Bc5 Bd7 14. Bxc6 Bxc6 15. Bxe7 Rfe8 16. Bb4 Qc7 17. Ne5 Nd7 18. Nxc6 Qxc6 19. Qc2 f5 20. Rfb1 Qc7 21. Qa4 Nb6 22. Qa3 Re6 23. Bc5 f4 24. exf4 Qxf4 25. Nf3 Qc7 26. Re1 Rbe8 27. h3 Bh6 28. Bd6 Qd7 29. Rxe6 Rxe6 30. Be5 Qa4 31. Qb2 Qa5 32. Rb1 Bf8 33. Qd2 Na4 34. Rb8 Rb6 35. Re8 Nxc3 36. Qh6 1-0

[Event "Attica CupT 3rd place"]
[Site "Athens"]
[Date "2010.05.16"]
[Round "?"]
[White "Tsimboukidis, Anastasios"]
[Black "Kaforos, Dimitrios Alkis"]
[Result "0-1"]
[WhiteElo "1992"]
[BlackElo "2213"]
[PlyCount "54"]
[EventDate "2010.05.16"]
[EventType "team-match"]
[EventRounds "1"]
[EventCountry "GRE"]
[SourceTitle "CBM 136 Extra"]
[Source "ChessBase"]
[SourceDate "2010.07.02"]
[SourceVersion "2"]
[SourceVersionDate "2010.07.15"]
[SourceQuality "1"]

1. d4 Nf6 2. Nf3 c5 3. c3 e6 4. Bg5 Qb6 5. Qb3 Ne4 6. e3 Nxg5 7. Nxg5 Be7 8. Nf3 0-0 9. Nbd2 d5 10. Be2 Nc6 11. 0-0 Bd7 12. Rad1 Qc7 13. dxc5 Bxc5 14. e4 d4 15. cxd4 Nxd4 16. Nxd4 Bxd4 17. Nf3 Bb6 18. Rc1 Qf4 19. e5 Rac8 20. Rc4 Rxc4 21. Qxc4 Qxc4 22. Bxc4 Bc6 23. Rd1 Rd8 24. Rxd8+ Bxd8 25. Nd4 Bd7 26. b3 Bc7 27. f4 Bb6 0-1

[Event "Athens Smaok op 4th"]
[Site "Athens"]
[Date "2010.01.19"]
[Round "2"]
[White "Soursos, Panayotis"]
[Black "Tsimboukidis, Anastasios"]
[Result "1/2-1/2"]
[WhiteElo "1730"]
[BlackElo "1992"]
[PlyCount "68"]
[EventDate "2010.01.12"]
[EventType "swiss"]
[EventRounds "7"]
[EventCountry "GRE"]
[SourceTitle "EXT 2011"]
[Source "ChessBase"]
[SourceDate "2010.11.26"]
[SourceVersion "1"]
[SourceVersionDate "2010.11.26"]
[SourceQuality "1"]

1. d4 Nf6 2. Nf3 c5 3. g3 cxd4 4. Nxd4 e5 5. Nf3 e4 6. Nd4 d5 7. Bf4 Qb6 8. Nb3 Nc6 9. c3 Ng4 10. e3 Be6 11. Be2 Nge5 12. N1d2 Be7 13. Nd4 0-0 14. Nxe6 fxe6 15. Bxe5 Nxe5 16. Qb3 Qc7 17. 0-0 Bg5 18. c4 Kh8 19. cxd5 exd5 20. f4 exf3 21. Nxf3 Nxf3+ 22. Bxf3 Qc5 23. Bxd5 Bxe3+ 24. Kg2 Rfd8 25. Rae1 Rxd5 26. Rxe3 Qd6 27. Ref3 h6 28. Qxb7 Rd2+ 29. R1f2 Rb8 30. Qxa7 Rbxb2 31. Qa8+ Rb8 32. Qe4 Rbb2 33. Qe8+ Kh7 34. Qe4+ Kh8 1/2-1/2

[Event "Glyfada Christmas op"]
[Site "Glyfada"]
[Date "2007.12.22"]
[Round "2"]
[White "Tsimboukidis, Anastasios"]
[Black "Harokopakis, Georgios"]
[Result "0-1"]
[WhiteElo "2070"]
[BlackElo "1842"]
[PlyCount "80"]
[EventDate "2007.12.21"]
[EventType "swiss"]
[EventRounds "7"]
[EventCountry "GRE"]
[SourceTitle "EXT 2024"]
[Source "ChessBase"]
[SourceDate "2023.10.10"]
[SourceVersion "1"]
[SourceVersionDate "2023.10.10"]
[SourceQuality "1"]

1. d4 d5 2. Nf3 c5 3. c3 Nc6 4. g3 Bf5 5. Bg2 cxd4 6. cxd4 Qd7 7. 0-0 Bh3 8. Nc3 Bxg2 9. Kxg2 Nf6 10. Ne5 Nxe5 11. dxe5 d4 12. exf6 dxc3 13. Qxd7+ Kxd7 14. fxe7 Bxe7 15. bxc3 Bf6 16. Rd1+ Kc6 17. Be3 b5 18. Bd4 Bxd4 19. cxd4 Kd5 20. e3 Rhc8 21. Rdc1 b4 22. Kf3 Rc3 23. Ke2 Rac8 24. Kd2 Ke4 25. Rab1 Rd3+ 26. Ke2 Rdc3 27. f3+ Kd5 28. Kd2 a5 29. Rxc3 Rxc3 30. Rb3 Rc6 31. Kd3 Rc1 32. e4+ Kc6 33. Rb2 Rc3+ 34. Ke2 Kb5 35. d5 a4 36. d6 Kc6 37. e5 Kd7 38. f4 b3 39. Kd2 Rf3 40. Ke2 a3 0-1

[Event "Ambelokipi op 72nd"]
[Site "Athens"]
[Date "2006.10.21"]
[Round "5"]
[White "Tsimboukidis, Anastasios"]
[Black "Koerant, Filipos"]
[Result "1-0"]
[WhiteElo "2060"]
[BlackElo "2111"]
[PlyCount "77"]
[EventDate "2006.10.12"]
[EventType "swiss"]
[EventRounds "7"]
[EventCountry "GRE"]
[SourceTitle "EXT 2008"]
[Source "ChessBase"]
[SourceDate "2007.11.25"]
[SourceVersion "1"]
[SourceVersionDate "2007.11.25"]
[SourceQuality "1"]

1. d4 d6 2. Nf3 Nd7 3. e4 e5 4. Bc4 Be7 5. 0-0 h6 6. dxe5 Nxe5 7. Nxe5 dxe5 8. Qh5 g6 9. Qxe5 Nf6 10. Nc3 Qd6 11. Qxd6 cxd6 12. Nb5 Kf8 13. f3 Bd7 14. a4 Rc8 15. b3 a6 16. Nd4 Bxa4 17. Rxa4 b5 18. Nxb5 axb5 19. Bxb5 Rxc2 20. Ra8+ Kg7 21. Rxh8 Kxh8 22. Bxh6 Rc5 23. Bc4 g5 24. h4 gxh4 25. Be3 Rc7 26. Bxf7 Rc3 27. Bd4 Rd3 28. Ba1 Kh7 29. Bc4 Rd2 30. Bc3 Rc2 31. Bxf6 Bxf6 32. e5 Rxc4 33. bxc4 Bxe5 34. f4 Bd4+ 35. Kh2 Kg6 36. Kh3 Kh5 37. Rd1 Bc5 38. Rd5+ Kg6 39. Kxh4 1-0

[Event "Athens Acropolis op"]
[Site "Athens"]
[Date "2004.11.19"]
[Round "4"]
[White "Tsimboukidis, Anastasios"]
[Black "Sideris, Theodoros"]
[Result "0-1"]
[WhiteElo "2132"]
[BlackElo "2093"]
[PlyCount "138"]
[EventDate "2004.11.16"]
[EventType "swiss"]
[EventRounds "9"]
[EventCountry "GRE"]
[SourceTitle "CBM 103 Extra"]
[Source "ChessBase"]
[SourceDate "2005.01.01"]
[SourceVersion "1"]
[SourceVersionDate "2005.01.01"]
[SourceQuality "1"]

1. Nf3 d5 2. d4 Bf5 3. e3 e6 4. Bd3 Bxd3 5. Qxd3 c6 6. 0-0 Nf6 7. b3 Bd6 8. Ba3 Bxa3 9. Nxa3 Qd6 10. Nb1 Nbd7 11. c4 e5 12. dxe5 Nxe5 13. Qf5 Nxf3+ 14. Qxf3 0-0 15. Rd1 Qe5 16. Nd2 Rad8 17. cxd5 Qxd5 18. Nc4 Qxf3 19. gxf3 Nd5 20. Na5 Rb8 21. e4 Nf6 22. Rd3 Rfe8 23. Rad1 g6 24. R1d2 Kg7 25. Nc4 Re6 26. Rd6 Rbe8 27. Na5 Rxd6 28. Rxd6 Re7 29. Nc4 Nh5 30. Na5 Nf4 31. Nc4 Kh6 32. Ne3 Kg5 33. Ng2 Nxg2 34. Kxg2 Kf4 35. Rd2 Rc7 36. Rd3 h6 37. Rd2 Ke5 38. Kg3 c5 39. Rd5+ Ke6 40. f4 b5 41. Kf3 f5 42. Re5+ Kf6 43. exf5 gxf5 44. Rd5 c4 45. bxc4 bxc4 46. Ke2 c3 47. Kd1 c2+ 48. Kc1 Kg6 49. Rd2 Kh5 50. Rxc2 Rxc2+ 51. Kxc2 Kg4 52. Kd3 Kxf4 53. Ke2 a5 54. a4 Ke4 55. f3+ Kd4 56. h3 f4 57. Kd2 Kc4 58. h4 h5 59. Kc2 Kb4 60. Kd3 Kxa4 61. Ke4 Kb3 62. Kxf4 a4 63. Kg5 a3 64. f4 a2 65. f5 a1Q 66. f6 Kc4 67. Kg6 Kd5 68. Kf7 Qe5 69. Kg7 Ke6 0-1

[Event "Athens Acropolis op"]
[Site "Athens"]
[Date "2004.11.16"]
[Round "1"]
[White "Khetsuriani, Besarion"]
[Black "Tsimboukidis, Anastasios"]
[Result "1-0"]
[WhiteElo "2346"]
[BlackElo "2132"]
[PlyCount "89"]
[EventDate "2004.11.16"]
[EventType "swiss"]
[EventRounds "9"]
[EventCountry "GRE"]
[SourceTitle "CBM 103 Extra"]
[Source "ChessBase"]
[SourceDate "2005.01.01"]
[SourceVersion "1"]
[SourceVersionDate "2005.01.01"]
[SourceQuality "1"]

1. e4 c5 2. Nf3 Nc6 3. Bb5 g6 4. c3 a6 5. Bxc6 dxc6 6. 0-0 Bg4 7. h3 Bxf3 8. Qxf3 e5 9. a4 Bg7 10. d3 Nf6 11. Nd2 0-0 12. Nb3 Nd7 13. Be3 Qe7 14. Qg3 f5 15. exf5 Rxf5 16. Qg4 Bf8 17. a5 Qe6 18. Nd2 Nf6 19. Qc4 Qxc4 20. dxc4 e4 21. Rfe1 h6 22. Rad1 Re5 23. Re2 Rae8 24. Bf4 R5e6 25. Nf1 g5 26. Bg3 Kf7 27. Ne3 h5 28. Red2 Kg6 29. Kf1 Be7 30. Ke2 Bf8 31. Bc7 Be7 32. Bd8 Bxd8 33. Rxd8 Rxd8 34. Rxd8 Re7 35. Nf1 h4 36. Rd6 Rd7 37. Rxd7 Nxd7 38. Nd2 Kf5 39. Ke3 Nf6 40. Nb3 Nd7 41. g3 Ne5 42. g4+ Kf6 43. Nd2 Ke6 44. b3 Nd7 45. Nxe4 1-0

[Event "Nikaia op 12th"]
[Site "Nikaia"]
[Date "2004.??.??"]
[Round "3"]
[White "Grivas, Efstratios"]
[Black "Tsimboukidis, Anastasios"]
[Result "1-0"]
[WhiteElo "2520"]
[BlackElo "2130"]
[PlyCount "87"]
[EventDate "2004.08.??"]
[EventType "swiss"]
[EventRounds "9"]
[EventCountry "GRE"]
[SourceTitle "EXT 2007"]
[Source "ChessBase"]
[SourceDate "2006.11.23"]
[SourceVersion "1"]
[SourceVersionDate "2006.11.23"]
[SourceQuality "1"]

1. d4 d5 2. c4 dxc4 3. Nf3 a6 4. e3 Bg4 5. Bxc4 e6 6. Nc3 Nc6 7. h3 Bh5 8. Be2 Nf6 9. 0-0 Bd6 10. Nd2 Bxe2 11. Qxe2 0-0 12. Rd1 Qe7 13. Nc4 b5 14. Nxd6 cxd6 15. d5 b4 16. dxc6 bxc3 17. Qd3 d5 18. Qxc3 Ne4 19. Qc2 Qc5 20. Qxc5 Nxc5 21. Bd2 Rfc8 22. Rac1 Nd3 23. Rc2 e5 24. Ba5 e4 25. c7 Kf8 26. Rxd3 exd3 27. Rd2 Ke7 28. Rxd3 Ke6 29. b4 Ra7 30. Rc3 Kd7 31. Kf1 Rb7 32. a4 Ra7 33. Ke2 Raa8 34. Kd3 Re8 35. Kd4 Re6 36. Rc5 Rd6 37. f3 f5 38. b5 axb5 39. axb5 Kc8 40. b6 Kb7 41. Ke5 Rf6 42. Kf4 Re8 43. Rxd5 Rg8 44. Rd8 1-0

[Event "Aghias Paraskevis op 3rd"]
[Site "Greece"]
[Date "2003.09.07"]
[Round "4"]
[White "Iliopoulos, Alexios"]
[Black "Tsimboukidis, Anastasios"]
[Result "1-0"]
[WhiteElo "2045"]
[BlackElo "2056"]
[PlyCount "65"]
[EventDate "2003.09.??"]
[EventType "swiss"]
[EventRounds "7"]
[EventCountry "GRE"]
[SourceTitle "EXT 2006"]
[Source "ChessBase"]
[SourceDate "2005.11.24"]
[SourceVersion "1"]
[SourceVersionDate "2005.11.24"]
[SourceQuality "1"]

1. e4 c5 2. Nc3 Nc6 3. g3 e5 4. d3 g6 5. Bg2 Bg7 6. f4 d6 7. Nf3 Nge7 8. 0-0 0-0 9. Be3 f5 10. Qd2 Rb8 11. Nd1 Kh8 12. c3 Be6 13. fxe5 fxe4 14. exd6 exf3 15. dxe7 Qxe7 16. Rxf3 Ne5 17. Rxf8+ Rxf8 18. Bf4 Qd7 19. Nf2 Rd8 20. Re1 Nc6 21. Qe3 Re8 22. Bh3 Nd8 23. Bg5 Qc6 24. Bxd8 Bd7 25. Be7 Bxh3 26. Nxh3 Qd7 27. Ng5 h6 28. Nf7+ Kh7 29. Nd6 Bd4 30. cxd4 cxd4 31. Nxe8 Qxe8 32. Qxd4 Qc6 33. Bc5 1-0